Crónicas de la Guerra Nacional 1856-1857 /
Gespeichert in:
| Weitere Verfasser: | |
|---|---|
| Format: | Buch |
| Sprache: | Spanish |
| Veröffentlicht: |
San José, C.R. :
Editorial Costa Rica,
2006.
|
| Ausgabe: | 1. edición |
| Schlagworte: | |
| Tags: |
Tag hinzufügen
Keine Tags, Fügen Sie den ersten Tag hinzu!
|
MARC
| LEADER | 00000nam a22000007a 4500 | ||
|---|---|---|---|
| 008 | 230130b |||||||| |||| 00| 0 spa d | ||
| 020 | |a 9977238529 | ||
| 041 | |a spa | ||
| 082 | |a 972.860.44 |b C947c | ||
| 245 | 0 | 0 | |a Crónicas de la Guerra Nacional 1856-1857 / |c compilación de Elías Zeledón Cartín. |
| 250 | |a 1. edición | ||
| 260 | 1 | |a San José, C.R. : |b Editorial Costa Rica, |c 2006. | |
| 300 | |a 377 páginas : |b ilustraciones. | ||
| 651 | 7 | |a COSTA RICA |x HISTORIA |y CAMPAÑA NACIONAL, 1856-1857 | |
| 700 | 1 | |a Zeledón Cartín, Elías |d 1953-2014 |e Compilador/a | |
| 942 | |2 ddc |c BK | ||
| 999 | |c 22249 |d 22249 | ||



